Album, (Record no. 5540)

MARC details
000 -LEADER
fixed length control field 00576cam a22002051 4500
001 - CONTROL NUMBER
control field af 48003363
003 - CONTROL NUMBER IDENTIFIER
control field DLC
005 - DATE AND TIME OF LATEST TRANSACTION
control field 20260227110901.0
008 - FIXED-LENGTH DATA ELEMENTS--GENERAL INFORMATION
fixed length control field 900723s1944 be 000 0 dut c
010 ## - LIBRARY OF CONGRESS CONTROL NUMBER
LC control number af 48003363
035 ## - SYSTEM CONTROL NUMBER
System control number (OCoLC)22132563
040 ## - CATALOGING SOURCE
Original cataloging agency California. Univ. Libr.
Transcribing agency CU
Modifying agency DLC
042 ## - AUTHENTICATION CODE
Authentication code premarc
050 00 - LIBRARY OF CONGRESS CALL NUMBER
Classification number PT6430.H48
Item number A65
100 1# - MAIN ENTRY--PERSONAL NAME
Personal name Herreman, Raymond,
Dates associated with a name 1896-
245 10 - TITLE STATEMENT
Title Album,
Remainder of title 1944
Statement of responsibility, etc. [door] Raymond Herreman en Richard Minne.
260 ## - PUBLICATION, DISTRIBUTION, ETC.
Place of publication, distribution, etc. Brussel,
Name of publisher, distributor, etc. A. Manteau
Date of publication, distribution, etc. [1944]
300 ## - PHYSICAL DESCRIPTION
Extent 189 p.
Dimensions 20 cm.
700 1# - ADDED ENTRY--PERSONAL NAME
Personal name Minne, Richard,
Dates associated with a name 1891-1965.

No items available.

Powered by Koha